Barcelona : gènesi i consolidació del fet metropolità gènesi i consolidació del fet metropolità
ISBN:
84-85905-37-7
Descripción Física:
98 p. : fot. ; 29 cm
Otros Autores:
Corporació Metropolitana de Barcelona
MARC
| LEADER | 00000nam a2200000Ia 4500 | ||
|---|---|---|---|
| 001 | 21870 | ||
| 008 | 160829s1987 xx 000 0 cat d | ||
| 020 | |a 84-85905-37-7 | ||
| 080 | |a M-6-259 | ||
| 245 | |a Barcelona : |b gènesi i consolidació del fet metropolità | ||
| 260 | |a Barcelona : |b Corporació Metropolitana de Barcelona, |c 1987 | ||
| 300 | |a 98 p. : |b fot. ; |c 29 cm | ||
| 590 | |a Bibliografia | ||
| 651 | 0 | |a Barcelona (Catalunya : Àrea metropolitana) |9 51354 | |
| 700 | |a Corporació Metropolitana de Barcelona |9 46123 | ||
| 901 | |a Arxiu | ||
| 942 | |n 1 | ||
| 952 | |0 0 |1 0 |4 0 |6 M6259 |7 1 |9 53013 |a Arxiu |b Arxiu |d 2016-12-01 |l 0 |o M-6-259 |p 21870 |r 2016-12-01 00:00:00 |w 2016-12-01 |y ARXIU | ||
| 999 | |c 56862 |d 56862 | ||